000 00305nam a22001337a 4500
008 170601b xxu||||| |||| 00| 0 eng d
020 _a9780394584430
041 _aeng
080 _a94
100 _a17
101 _aSHH
245 _aPREPARING FOR THE TWENTY-FIRS CENTURY
_cKENNEDY,P
942 _2udc
_cBK
999 _c15517
_d15517